000 00307nam a2200109 4500
999 _c9633
_d9633
008 180712b ||||| |||| 00| 0 eng d
245 _aBoeing deepens automation with new robotic system.
260 _aPhilippines
_bManila Bulletin
_cc2016
300 _apage B12.
650 0 _928576
_aRobots.
942 _2ddc
_cPER